| 000 | 00397nam a22001577a 4500 | ||
|---|---|---|---|
| 008 | 200514b ||||| |||| 00| 0 eng d | ||
| 020 | _a9788175552296 | ||
| 082 |
_a954.02 _bNAM |
||
| 100 | _aNamrata Singh | ||
| 245 |
_aMadhyakalin Bharat Me Nagarikaran _cBy Namrta Singh |
||
| 260 |
_aNew Delhi _bUniversity Pub. _c2021 |
||
| 300 | _a320p. | ||
| 650 | _aHISTORY | ||
| 942 | _cBK | ||
| 999 |
_c44437 _d44437 |
||
| 041 | _ahin | ||